Serie A Campioni - Statistics

Statistiche generali
  • Questo quiz è stato fatto 4.073 volte
  • Il punteggio medio è 11 su 12
Statistiche sulle risposte
vittorie ultimo squadra % Corretto
18 2010 Inter Milan
100%
36 2020 Juventus FC
100%
18 2011 AC Milan
99%
3 2001 AS Roma
98%
2 2000 SS Lazio
97%
2 1990 SSC Napoli
96%
6 1976 Torino FC
88%
2 1969 ACF Fiorentina
85%
1 1991 UC Sampdoria
85%
7 1964 Bologna FC
77%
1 1985 Hellas Verona FC
74%
1 1970 Cagliari Calcio
66%
Nessun quiz corrispondente trovato
Distribuzione punteggi
Percentuale di utenti per punteggio
Percentile per numero di risposta
I tuoi punteggi nel tempo
Non hai fatto questo quiz